Timber engineering (Record no. 118328)

MARC details
000 -LEADER
fixed length control field 00787cam a2200229 4500
001 - CONTROL NUMBER
control field ABS68404
008 - FIXED-LENGTH DATA ELEMENTS--GENERAL INFORMATION
fixed length control field 041117n2004 000 0 eng u
035 ## - SYSTEM CONTROL NUMBER
System control number (Sirsi) u128023
100 ## - MAIN ENTRY--PERSONAL NAME
Personal name Parker, D.
245 ## - TITLE STATEMENT
Title Timber engineering
260 ## - PUBLICATION, DISTRIBUTION, ETC.
Date of publication, distribution, etc. 2004
490 ## - SERIES STATEMENT
Series statement New Civil Engineer
Volume/sequential designation 11 November 2004, 23-30(8)
520 ## - SUMMARY, ETC.
Summary, etc. Series of articles looking at modern applications of timber. Looks at recent and current construction projects which include a library, a headquarters building, a visitor centre and a bridge.
590 ## - LOCAL NOTE (RLIN)
Local note ABS
590 ## - LOCAL NOTE (RLIN)
Local note ABS
650 ## - SUBJECT ADDED ENTRY--TOPICAL TERM
Topical term or geographic name entry element TIMBER ENGINEERING
650 ## - SUBJECT ADDED ENTRY--TOPICAL TERM
Topical term or geographic name entry element CONSTRUCTION DESIGN
650 ## - SUBJECT ADDED ENTRY--TOPICAL TERM
Topical term or geographic name entry element CONSTRUCTION PROJECTS
650 ## - SUBJECT ADDED ENTRY--TOPICAL TERM
Topical term or geographic name entry element TIMBER FRAME BUILDINGS
690 ## - LOCAL SUBJECT ADDED ENTRY--TOPICAL TERM (OCLC, RLIN)
Topical term or geographic name as entry element BUILDING AND CONSTRUCTION-DESIGN AND STRUCTURES
942 ## - ADDED ENTRY ELEMENTS (KOHA)
Suppress in OPAC 0
Holdings
Withdrawn status Lost status Source of classification or shelving scheme Damaged status Not for loan Home library Current library Shelving location Date acquired Total Checkouts Full call number Barcode Date last seen Copy number Price effective from Koha item type
    Dewey Decimal Classification     London London Journal article 17/11/2004   ABS68404 128023-1001 06/08/2019 1 06/08/2019 Journal article